000 00947nam a2200241 i 4500
001 67296
003 ES-MaACL
005 20230906170033.0
007 t|
008 040517s2003 sp ||||0| spa d
020 _a84-921562-2-8
040 _aM-BN
_bspa
_cM-BN
080 _a821.14-17"11"
100 1 _aProdromus, Theodorus.
_994017
245 1 3 _aLa catomiomaquia /
_cTeodoro Pródromo ; edición, traducción, introducción y notas de Francisco Antonio García Romero.
260 _aJerez de la Frontera :
_bReal Academia de San Dionisio de Ciencias, Artes y Letras :
_bCentro de Estudios Históricos Jerezanos,
_c2003.
300 _aXXII, 26 p. dupl. ;
_c21 cm.
700 1 _aGarcía Romero, Francisco Antonio.
_955220
710 2 _aReal Academia de San Dionisio de Ciencias, Artes y Letras.
_96334
710 2 _aCentro de Estudios Históricos Jerezanos.
_92647
852 _aES-MaACL
_jL-27552
_bR.133150
999 _c67296
_d67296